Pensar contra la lógica del centrO: Martín-Baró y Ellacuría desde la UCA de El Salvador/
En este artículo se estudia el asesinato de los sacerdotes jesuitas de la Universidad Centroamericana (UCA) de El Salvador como síntoma de un sistema-mundo moderno/colonial que produce muerte. El asesinato es un ejemplo que describe y prueba el funcionamiento de la lógica del centrO, a través del an...
Spremljeno u:
| Glavni autor: | |
|---|---|
| Format: | Knjiga |
| Jezik: | Spanish |
| Teme: | |
| Oznake: |
Dodaj oznaku
Bez oznaka, Budi prvi tko označuje ovaj zapis!
|
MARC
| LEADER | 00000nam a22000007a 4500 | ||
|---|---|---|---|
| 003 | cru CIDCACS/IIS | ||
| 005 | 20180903141823.0 | ||
| 007 | ta | ||
| 008 | 171213s2013 nq |||p|r||||||0| ||spa|d | ||
| 999 | |c 40737 |d 40737 | ||
| 040 | |c cru CIDCACS/IIS | ||
| 100 | 1 | |9 3078 |a Hilgert, Bradley | |
| 245 | 1 | |a Pensar contra la lógica del centrO: |b Martín-Baró y Ellacuría desde la UCA de El Salvador/ |c Bradley Hilgert | |
| 300 | |a páginas 69-83: |b fotos | ||
| 520 | |a En este artículo se estudia el asesinato de los sacerdotes jesuitas de la Universidad Centroamericana (UCA) de El Salvador como síntoma de un sistema-mundo moderno/colonial que produce muerte. El asesinato es un ejemplo que describe y prueba el funcionamiento de la lógica del centrO, a través del análisis de esta matanza se permite comprender que su ética es violenta y deshumanizante frente a cualquier otro que amenaza el orden establecido. Junto a ese cuestionamiento de la ética del centrO, también se interesa por recuperar el pensamiento de los jesuitas; el mismo pensamiento que los marcó para la eliminación, porque en él encontramos una alternativa a esa lógica violenta, una ética otra e intercultural. Este artículo analiza las ideas propuestas por los jesuitas, particularmente las de Ellacuría y Martín-Baró. | ||
| 650 | 0 | |9 3282 |a MUERTE | |
| 650 | 0 | |9 7591 |a ELLACURIA, IGNACIO | |
| 650 | 0 | |9 7590 |a MARTI BARO, IGNACIO | |
| 650 | 0 | |9 7589 |a INTERCULTURAL | |
| 650 | 0 | |9 4601 |a JESUITAS | |
| 650 | 0 | |9 194 |a ETICA | |
| 650 | 0 | |9 133 |a VIOLENCIA | |
| 651 | 4 | |9 1928 |a EL SALVADOR | |
| 773 | 0 | |0 18927 |9 1699 |a Universidad Centroamericana. |d Managua, Nicaragua IHNCA-UCA |o 17925 |t Revista de Historia / |x 10174680 | |
| 942 | |2 ddc |c PP | ||
